Telecommuting and the demand for urban living: a preliminary look at white-collar workers (Record no. 70295)
[ view plain ]
| 000 -LEADER | |
|---|---|
| fixed length control field | 01015cam a2200217 4500 |
| 001 - CONTROL NUMBER | |
| control field | X118052 |
| 008 - FIXED-LENGTH DATA ELEMENTS--GENERAL INFORMATION | |
| fixed length control field | 020520n2002 000 0 eng u |
| 035 ## - SYSTEM CONTROL NUMBER | |
| System control number | (Sirsi) u118052 |
| 100 ## - MAIN ENTRY--PERSONAL NAME | |
| Personal name | Ellen, I G |
| 245 ## - TITLE STATEMENT | |
| Title | Telecommuting and the demand for urban living: a preliminary look at white-collar workers |
| 260 ## - PUBLICATION, DISTRIBUTION, ETC. | |
| Date of publication, distribution, etc. | 2002 |
| 490 ## - SERIES STATEMENT | |
| Series statement | Urban Studies |
| Volume/sequential designation | 39(4) 2002, 749-766(18) |
| 520 ## - SUMMARY, ETC. | |
| Summary, etc. | Telecommuting is an increasingly viable option for many workers. This American study investigates whether the growing ability to telecommute is altering residential location decisions and leading households to live in smaller, lower density and more remote locations. Speculates about future impacts on residential patterns and urban form. Tables. References. [Taken from journal abstract]. |
| 650 ## - SUBJECT ADDED ENTRY--TOPICAL TERM | |
| Topical term or geographic name entry element | TELECOMMUTING |
| 650 ## - SUBJECT ADDED ENTRY--TOPICAL TERM | |
| Topical term or geographic name entry element | TELEWORKING |
| 650 ## - SUBJECT ADDED ENTRY--TOPICAL TERM | |
| Topical term or geographic name entry element | UNITED STATES |
| 650 ## - SUBJECT ADDED ENTRY--TOPICAL TERM | |
| Topical term or geographic name entry element | WORKING FROM HOME |
| 690 ## - LOCAL SUBJECT ADDED ENTRY--TOPICAL TERM (OCLC, RLIN) | |
| Topical term or geographic name as entry element | MANAGEMENT-BUSINESS MANAGEMENT-INFORMATION MANAGEMENT |
| 700 ## - ADDED ENTRY--PERSONAL NAME | |
| Personal name | Hempstead, K |
| 942 ## - ADDED ENTRY ELEMENTS (KOHA) | |
| Suppress in OPAC | 0 |
| Withdrawn status | Lost status | Source of classification or shelving scheme | Damaged status | Not for loan | Home library | Current library | Shelving location | Date acquired | Total Checkouts | Full call number | Barcode | Date last seen | Copy number | Price effective from | Koha item type |
|---|---|---|---|---|---|---|---|---|---|---|---|---|---|---|---|
| Dewey Decimal Classification | London | London | Journal article | 20/05/2002 | X118052 | 118052-1001 | 06/08/2019 | 1 | 06/08/2019 | Journal article |